000 00792nam a22002777a 4500
003 CHAP
005 20220329141052.0
008 971013s1993 r 00010 d
010 _a62161
011 _a63133
035 _a67309
040 _cCHAP
082 _a575.1
_bL42Y
100 0 0 _aLewin, Benjamin.
_966494
245 _aGenes
260 _aBarcelona :
_bReverté,
_c1993
300 _a614 p.
_b: ilus.
590 _aBATCH-UPD
_b10
_c20130110
_lUCH01
_h1817
590 _aBATCH-UPD
_b10
_c20130410
_lUCH01
_h1151
590 _aBATCH-UPD
_b10
_c20130914
_lUCH01
_h1535
590 _aCONVERSION
_b10
_c20130109
_lUCH01
_h1333
650 1 4 _aGenética.
_947469
901 _aBK
942 _cLIBRO
949 _a575.1 L42Y
_bBC
_cLIBRO
_d33724000631057
_eLIBRO
_gI.182662
_h91602
_i67309
_si
_t246.00
999 _c62161
_d62161